| 000 | 00778nam a22002537a 4500 | ||
|---|---|---|---|
| 003 | OSt | ||
| 005 | 20260630084916.0 | ||
| 008 | 260630b ar ||||| |||| 00| | spa d | ||
| 040 | _aHCSPBA | ||
| 041 | _aspa | ||
| 100 | _aCastelar, Emilio | ||
| 245 |
_aObras escogidas de D. Emilio Castelar. _nTomo 9. _pDiscursos políticos de Emilio Castelar dentro y fuera del parlamento en los años de 1871 a 1873, II |
||
| 260 |
_aMadrid. _bAngel de San Martín. _c[19--]. |
||
| 300 | _a v. | ||
| 505 | _aIndice | ||
| 505 | _aCortes de 1871 | ||
| 505 | _aCortes de 1872 | ||
| 505 | _aSegundas cortes de 1872 convocadas por el ministerio radical | ||
| 650 | _aHISTORIA | ||
| 650 | _aPOLITICA CULTURAL | ||
| 651 | _aESPAÑA | ||
| 690 | _aIDEOLOGIAS POLITICAS | ||
| 942 | _cLIB | ||
| 999 |
_c65170 _d134639 |
||